000 00504nam a2200145Ia 4500
008 190813s9999 xx 000 0 und d
020 _a9781848729261
100 _aLamb,Michael E.
245 _cMichael E. Lamb, Marc H. Bornstein.--
_aSocial and personality development :
_ban advance textbook /
260 _aNew York :
_bRoutledge
_c2011
300 _a522 pages.
500 _aIncluded bibliographical references and index.
650 _aDevelopmental psychology.
650 _aPersonality development.
999 _c362069
_d362069